| 000 | 02615nam2a2200325 4500 | ||
|---|---|---|---|
| 001 | rc\3603334 | ||
| 005 | 20260508114540.0 | ||
| 021 |
_aRU _b[70-84206] |
||
| 035 | _a(NLR Aleph) 007680059 | ||
| 090 |
_a6528125 _c6528125 |
||
| 100 | _a20130115d1970 u y0rusy50 ca | ||
| 101 | 0 | _arus | |
| 102 | _aRU | ||
| 105 | _ay acg 000yy | ||
| 200 | 0 |
_a... за 1966-1969 гг. _f... Справочно-библиографический отдел _gсоставитель: О. Н. Виноградова _gредактор: Л. С. Авраамова |
|
| 210 | _d1970 | ||
| 215 | _a69, [1] с. | ||
| 300 | _aПодзаг. вып.: Библиографический указатель отечественной литертуры в количестве 358 названий и иностранной в количестве 49 названий | ||
| 300 | _aНа обороте тит. л.: Составлен 17 июня 1970 г. | ||
| 320 | _aБиблиогр. в конце кн. | ||
| 461 | 0 |
_1001rc\3603333 _12001#$aПовышение скорости и широкозахватная техника в сельском хозяйстве$eбиблиографический указатель ...$fВсесоюзная академия сельскохозяйственных наук имени В. И. Ленина, Центральная научная сельскохозяйственная библиотека$v... за 1966-1969 гг. _96528116 _cМосква _d1966-1978 _fВсесоюзная академия сельскохозяйственных наук имени В. И. Ленина, Центральная научная сельскохозяйственная библиотека _nЦНСХБ ВАСХНИЛ _oбиблиографический указатель ... _tПовышение скорости и широкозахватная техника в сельском хозяйстве _v... за 1966-1969 гг. |
|
| 702 | 1 |
_4220 _7ca _8rus _aВиноградова _bО. Н. _cбиблиограф _f1899- _gОльга Николаевна _92707808 _3RU\NLR\AUTH\770293219 |
|
| 702 | 1 |
_4340 _7ca _8rus _aАвраамова _bЛ. С. _f1904- _gЛюбовь Сергеевна _9242292 _3RU\NLR\AUTH\770242348 |
|
| 712 | 0 | 2 |
_4570 _aЦентральная научная сельскохозяйственная библиотека _bСправочно-библиографический отдел _cМосква _92708408 _3RU\NLR\AUTH\880642432 |
| 852 |
_aNLR _jс367-410/П-42 |
||
| 942 | _cBOOK | ||
| 980 | _aNB | ||